Working hard for the American dream (Record no. 57252)
[ view plain ]
| 000 -LEADER | |
|---|---|
| fixed length control field | 01518nam a2200361 a 4500 |
| 082 04 - DEWEY DECIMAL CLASSIFICATION NUMBER | |
| Classification number | 331.880973 |
| 100 1# - MAIN ENTRY--AUTHOR NAME | |
| Personal name | Storch, Randi. |
| 245 10 - TITLE STATEMENT | |
| Title | Working hard for the American dream |
| 260 ## - PUBLICATION, DISTRIBUTION, ETC. (IMPRINT) | |
| Place of publication | Chichester, West Sussex : |
| Name of publisher | Wiley-Blackwell, |
| Year of publication | c2013. |
| 300 ## - PHYSICAL DESCRIPTION | |
| Number of Pages | 1 online resource (x, 291 p.). : |
| Other physical details | ill., photographs. |
| 490 0# - SERIES STATEMENT | |
| Series statement | American History Series |
| 500 ## - GENERAL NOTE | |
| General note | Includes index. |
| 650 #0 - SUBJECT ADDED ENTRY--TOPICAL TERM | |
| Topical Term | Labor unions |
| Topical Term | Working class |
| Topical Term | Labor movement |
| Topical Term | Labor |
| 856 40 - ELECTRONIC LOCATION AND ACCESS | |
| Uniform Resource Identifier | http://site.ebrary.com/lib/rucke/Doc?id=10674798 |
| 588 ## - | |
| -- | Description based on online resource; title from title page (ebrary, viewed April 13, 2013). |
No items available.
